| 000 | 00709nac a22002291u 4500 | ||
|---|---|---|---|
| 010 | _a 2002072082 | ||
| 020 | _a0745628176 | ||
| 020 | _a0745628184 (pbk.) | ||
| 082 | 0 | 0 |
_a327.1011857 _bURR |
| 090 |
_c8378 _d8378 |
||
| 100 | _aUrry, John. | ||
| 245 | 1 | 0 |
_aGlobal complexity / _cJohn Urry. |
| 260 |
_aMalden, MA : _bPolity,2003. _cc2003. |
||
| 300 |
_axi, 172 p. ; _c24 cm. |
||
| 500 | _aDistributer: Al-Ahram | ||
| 504 | _aIncludes bibliographical references (p. [141]-154) and index. | ||
| 511 | _aCatalogued by: Sara | ||
| 650 | 0 | _aGlobalization. | |
| 650 | 0 | _aInternational relations. | |
| 650 | 0 | _aSocial systems. | |
| 942 |
_cBB _k327.1011857URR |
||
| 999 |
_c8378 _d8378 |
||